000
00333 a2200169 4500
001
190871
020
_a
85-00-60669-X
040
_c
Magnum
100
_a
Pena, Martins
240
1
0
_a
O noviço
_l
por
245
1
0
_a
O noviço
300
_a
154
362
0
_a
1997
440
1
_a
Ediouro
697
_a
LITERATURA GERAL
942
_c
BK
999
_c
190871
_d
190871